Представление документа в формате RUSMARC

ПолеНазваниеЗначение
  Тип записи a
  Библиографический уровень m
001 Контрольный номер RU/SLIB/B/208761888
005 Дата корректировки 20221125092531.2
010 Индекс ISBN __
d Цена 3-10
100 Данные общей обработки __
a Данные общей обработки 20211026d1990 m y0rusy028902 ca
101 Язык документа 0_
a Язык текста rus
102 Страна публикации __
a Страна публикации RU
105 Кодированные данные (монография) __
a Кодированные данные (монография) y z 000zy
181 Поле кодированных данных: вид содержания _0
a Код вида содержания (ISBD) i
182 Поле кодированных данных: тип средства _0
a Код типа средства (ISBD) n
200 Заглавие и сведения об ответственности 1_
a Заглавие Полное собрание сочинений и писем
f Первые сведения об ответственности А. Н. Некрасов
b Общее обозначение материала Текст
h Номер части Т. 11, кн. 2
i Наименование части Критика. Публицистика, 1847-1869
210 Выходные данные 1_
a Место издания Л.
c Издательство Наука
d Дата издания 1990
215 Физическое описание __
a Объем 430 с.
606 Тематические рубрики __
a Основная рубрика Художественная литература
z Хронологическая подрубрика 1847-1869 гг.; 19 в.
y Географическая подрубрика Россия; Российская Федерация; РФ
606 Тематические рубрики __
a Основная рубрика Русская литература XIX в. (произведения)
610 Ключевые слова 0_
a Ключевые слова поэты; письма; публицистика; проза
686 Индексы других классификаций __
a Классификационный индекс 84(2=411.2)52-4
700 Автор _1
a Фамилия Некрасов
b Имя Н. А.
g Полное личное имя Николай Александрович
4 Код отношения 070
801 Источник записи _0
a Страна RU
b Организация Муниципальное бюджетное учреждение культуры "Централизованная библиотечная система" г. Сургут (Центральная городская библиотека им. А. С. Пушкина)
g Правила каталогизации КиК/Елгина
801 Источник записи _1
a Страна RU
b Организация Муниципальное бюджетное учреждение культуры "Централизованная библиотечная система" г. Сургут (Центральная городская библиотека им. А. С. Пушкина)
g Правила каталогизации КиК/Елгина
852 Данные о местонахождении __
j Шифр хранения 84(2=411.2)52-4
i Авторский знак Н 48
p Инвентарный номер 44812
901 Тип документа __
t Тип документа m
990 Данные о заказе (DOS) __
j Количество экземпляров (DOS) 3
t N записи в КСУ для И/У (DOS) ретро